000 00724nam a2200265Ia 4500
005 20260121170448.0
008 008 260114s9999 xx 000 0 eng d
020 _a9789811090592
037 _aEBOOK
040 _aCRL
040 _beng
040 _cCRL
041 _2eng
041 _aeng
084 _qCRL
100 _aT.N. Nagabhushan, V. N. Manjunath Aradhya, Prabhudev Jagadeesh, Seema Shukla, Chayadevi M.L.
_91064169
245 0 _aCognitive Computing and Information Processing
260 _bSpringer
260 _bSpringer
260 _c2018
856 _uhttps://link.springer.com/openurl?genre=book&isbn=978-981-10-9059-2
942 _cEBOOK
999 _c1629898
_d1629898